000 00325nam a2200121Ia 4500
008 210430s9999 xx 000 0 und d
082 _a530 S5391B
100 _aShahzad,Asim
_954977
245 _aBiocomposites properties,performances and applications
_cShahzad,Asim
260 _c2017
300 _a579p.
942 _cBK
_2ddc
999 _c565909
_d565909